Supernovae and cosmology (Record no. 13159)

MARC details
000 -LEADER
fixed length control field 00933nam a2200217Ia 4500
003 - CONTROL NUMBER IDENTIFIER
control field IN-BaIIA
008 - FIXED-LENGTH DATA ELEMENTS--GENERAL INFORMATION
fixed length control field 211028s9999 xx 000 0 eng d
040 ## - CATALOGING SOURCE
Transcribing agency IIA Library
080 ## - UNIVERSAL DECIMAL CLASSIFICATION NUMBER
Universal Decimal Classification number 524.352(082.2)
Item number SUP
100 ## - MAIN ENTRY--PERSONAL NAME
Personal name Labhardt, Lukas
9 (RLIN) 23180
111 ## - MAIN ENTRY--MEETING NAME
Meeting name or jurisdiction name as entry element Colloquium Held in Honor of Gustav Andreas Tammann on the Occasion of His 65th Birthday
Location of meeting Augst, Switzerland
Date of meeting or treaty signing 35594
9 (RLIN) 23181
245 #0 - TITLE STATEMENT
Title Supernovae and cosmology
Remainder of title proceedings of a colloquium held in honor of Gustav Andreas Tammann on the occasion of his 65th birthday, held in Augst, Switzerland, 13 Jun 1997
Statement of responsibility, etc. Lukas Labhardt, Bruno Binggeliand Ronald Buser
260 ## - PUBLICATION, DISTRIBUTION, ETC.
Place of publication, distribution, etc. Switzerland
Name of publisher, distributor, etc. Astronomisches Institut der Universitat Basel
Date of publication, distribution, etc. 1998
300 ## - PHYSICAL DESCRIPTION
Extent xi, 227p.
650 ## - SUBJECT ADDED ENTRY--TOPICAL TERM
Topical term or geographic name entry element Cosmic rays
650 ## - SUBJECT ADDED ENTRY--TOPICAL TERM
Topical term or geographic name entry element Cosmology
650 ## - SUBJECT ADDED ENTRY--TOPICAL TERM
Topical term or geographic name entry element Supernovae
700 ## - ADDED ENTRY--PERSONAL NAME
Personal name Binggeli, Bruno
9 (RLIN) 23182
700 ## - ADDED ENTRY--PERSONAL NAME
Personal name Buser, Ronald .
9 (RLIN) 23183
942 ## - ADDED ENTRY ELEMENTS (KOHA)
Koha item type Books
952 ## - LOCATION AND ITEM INFORMATION (KOHA)
-- 40
Holdings
Withdrawn status Lost status Damaged status Not for loan Home library Current library Shelving location Date acquired Source of acquisition Total Checkouts Full call number Barcode Date last seen Price effective from Koha item type
        IIA Library-Bangalore IIA Library-Bangalore General Stacks 03/09/1999 AIUB   524.352(082.2)/ SUP 14076 05/11/2021 03/09/1999 Books

Powered by Koha